| 000 | 00565nam a2200181 a 4500 | ||
|---|---|---|---|
| 005 | 20140310183349.0 | ||
| 008 | 070614s19uu xx 00 eng d | ||
| 020 | _a0572030150 | ||
| 050 |
_aNC 795 _b.B37 2004 |
||
| 100 | _aBarber, Barrington | ||
| 245 |
_aThe fundamentals of drawing landscapes : _ba practical and inspirational course / _cBarrington Barber |
||
| 260 |
_aLondon : _bArcturus Publishing Ltd, _c2004. |
||
| 300 |
_a208 p. : _b ill ; _c25 cm. |
||
| 521 | _aMA | ||
| 650 |
_aLandscape drawing _xTechnique. |
||
| 942 |
_cBK _2lcc _kFOR |
||
| 999 |
_c22049 _d22049 |
||